Spatial ability among Form Two and Form Four pupils in a rural secondary school /
Saved in:
| 主要作者: | |
|---|---|
| 格式: | Thesis 图书 |
| 语言: | English |
| 出版: |
1989.
|
| 主题: | |
| 标签: |
添加标签
没有标签, 成为第一个标记此记录!
|
| LEADER | 01119cam a2200289 a 4500 | ||
|---|---|---|---|
| 001 | u93841 | ||
| 003 | SIRSI | ||
| 008 | 910612s1989 my t 00 1 eng m | ||
| 035 | |a AAK-2493 | ||
| 040 | |a UMM | ||
| 043 | |a a-my--- | ||
| 090 | |a BF469 |b Lam | ||
| 091 | |a Microfilm 2500 | ||
| 100 | 1 | 0 | |a Lam, Seok Fong. |
| 245 | 1 | 0 | |a Spatial ability among Form Two and Form Four pupils in a rural secondary school / |c by Lam Seok Fong. |
| 260 | 1 | |c 1989. | |
| 300 | |a xi, 119 leaves ; |c 30 cm. | ||
| 500 | |a Also available on microfilm. Kuala Lumpur : Perpustakaan Universiti Malaya, 1996. 1 reel : negative ; 35 mm. | ||
| 500 | |a Refer Microfilm 2420 | ||
| 502 | |a Dissertation (M.Ed.) -- Fakulti Pendidikan, Universiti Malaya, 1989. | ||
| 504 | |a Bibliography: leaves 66-80. | ||
| 650 | 0 | |a Cognition in children |z Malaysia. | |
| 710 | 2 | 0 | |a Universiti Malaya. |b Fakulti Pendidikan. |
| 948 | |a 13/08/1991 |b 08/06/2004 | ||
| 596 | |a 1 8 | ||
| 999 | |a BF469 LAM [F] |w LC |c 1 |i A505640159 |d 19/12/2008 |e 19/12/2008 |l STACKS |m P01UTAMA |n 2 |r Y |s Y |t TESIS |u 12/10/1991 | ||
| 999 | |a BF469 LAM |w LC |c 1 |i A506696982 |l STACKS |m P08PENDIDI |r Y |s Y |t TESIS |u 27/10/1997 | ||
